|
|
|
|
| LEADER |
00000cam a2200000 7i4500 |
| 001 |
0000034821 |
| 005 |
20021119093000.0 |
| 008 |
021119n |
| 020 |
|
|
|a 0139196978
|
| 090 |
0 |
0 |
|a HF5616.U5
|b B36 1998
|
| 100 |
0 |
|
|a Beaver, William H. ,
|e author
|
| 245 |
0 |
0 |
|a Financial reporting :
|b an accounting revolution
|c William H. Beaver
|
| 250 |
|
|
|a 3rd ed.
|
| 260 |
2 |
|
|a London :
|b Prentice Hall ,
|c c1998
|
| 300 |
|
|
|a x, 180 :
|b ill. ; ;
|c 23 cm.
|
| 504 |
|
|
|a Includes bibliographical references and index
|
| 650 |
|
0 |
|a Financial statements
|z United States
|
| 999 |
|
|
|a 1000075977
|b Book
|c OPEN SHELF (30 DAYS)
|e Gong Badak Campus
|